Những người thích đùa: Tập truyện chọn lọc
Uloženo v:
| Hlavní autor: | |
|---|---|
| Médium: | Kniha |
| Jazyk: | Undetermined |
| Vydáno: |
Hà Nội
VHTT
2001
|
| Témata: | |
| Tagy: |
Přidat tag
Žádné tagy, Buďte první, kdo otaguje tento záznam!
|
| Thư viện lưu trữ: | Trung tâm Học liệu Trường Đại học Cần Thơ |
|---|
| LEADER | 00584nam a2200193Ia 4500 | ||
|---|---|---|---|
| 001 | CTU_40731 | ||
| 008 | 210402s9999 xx 000 0 und d | ||
| 020 | |b 30.000đ | ||
| 082 | |a 894.3 | ||
| 082 | |b N461n | ||
| 100 | |a Azid Nésin | ||
| 245 | 0 | |a Những người thích đùa: Tập truyện chọn lọc | |
| 245 | 0 | |c Azid Nésin | |
| 260 | |a Hà Nội | ||
| 260 | |b VHTT | ||
| 260 | |c 2001 | ||
| 650 | |a short stories, turkish - collections ( vietnamese ),turkish literature | ||
| 904 | |i Minh, 010327 | ||
| 980 | |a Trung tâm Học liệu Trường Đại học Cần Thơ | ||